| 000 | 00638na a2200241 4500 | ||
|---|---|---|---|
| 001 | 23144 | ||
| 003 | MIRAKIL | ||
| 005 | 20181213154921.0 | ||
| 008 | 170721b tu 000 0 | ||
| 020 | _a9786054409273 | ||
| 040 |
_aMilas _btur _cTR-AnCHP |
||
| 041 | _atur | ||
| 082 |
_a813.42 _bA42b 2016 |
||
| 090 | _a813.42 A42b 2016 | ||
| 100 | _aAkdemir, Semih | ||
| 245 |
_aBir fakirin öyküsü _cSemih Akdemir |
||
| 260 |
_aİstanbul _bkitapdostu yayınları _c2016 |
||
| 300 |
_a128 s. _c19 sm. |
||
| 440 |
_akitapdostu yayınları _v35 |
||
| 490 |
_aEdebiyat _v6 |
||
| 650 |
_aTürk edebiyatı _xHikayeler |
||
| 942 |
_2ddc _cBKS |
||
| 999 |
_c3135 _d3135 |
||